[Event "Lliga Catalana eq. DH"]
[Site "?"]
[Date "2014.03.15"]
[Round "8.8"]
[White "Perez Mañas, B."]
[Black "Moreno Garcia, EP."]
[Result "1/2-1/2"]
[WhiteElo "2375"]
[BlackElo "2102"]
[PlyCount "80"]
[EventDate "2014.??.??"]
[EventType "team"]
[EventCountry "ESP"]

1. e4 e5 2. Nf3 Nf6 3. d4 Nxe4 4. Bd3 d5 5. Nxe5 Nd7 6. O-O Nxe5 7. dxe5 Nc5 8.
Nc3 Be6 9. Ne2 Nxd3 10. Qxd3 Qd7 11. Bg5 Bc5 12. Qg3 h6 13. Be3 Bxe3 14. Qxe3
O-O 15. c3 Rfe8 16. Rad1 Qb5 17. f4 Bg4 18. Nd4 Qb6 19. Rd2 f6 20. Qg3 Bd7 21.
Re1 Re7 22. Qf3 c6 23. Rf2 Rae8 24. Ree2 fxe5 25. fxe5 Qc7 26. e6 Bxe6 27. Nxe6
Rxe6 28. Rxe6 Rxe6 29. Qf8+ Kh7 30. Qf5+ Rg6 31. h4 h5 32. Qxh5+ Rh6 33. Qf5+
Kh8 34. Qf8+ Kh7 35. Qf5+ Kg8 36. Re2 Qb6+ 37. Kh2 Rxh4+ 38. Kg3 Re4 39. Rxe4
dxe4 40. Qxe4 Qxb2 1/2-1/2

[Event "Lliga Catalana eq. DH"]
[Site "?"]
[Date "2014.03.15"]
[Round "8.8"]
[White "Pijuan Herranz, M."]
[Black "Jose Abril, R."]
[Result "1-0"]
[WhiteElo "2313"]
[BlackElo "2397"]
[PlyCount "87"]
[EventDate "2014.??.??"]
[EventType "team"]
[EventCountry "ESP"]

1. d4 Nf6 2. Nf3 g6 3. g3 Bg7 4. Bg2 O-O 5. O-O d6 6. b3 c5 7. c4 Nc6 8. Bb2
cxd4 9. Nxd4 Qb6 10. e3 Bg4 11. Qd2 Rac8 12. h3 Bd7 13. Nc3 a6 14. Kh2 h5 15.
Rad1 h4 16. g4 Qc5 17. Na4 Qa7 18. Nxc6 Bxc6 19. Bd4 Qb8 20. Nb6 Rcd8 21. g5
Nh5 22. Nd5 Bxd5 23. cxd5 Be5+ 24. Bxe5 dxe5 25. Qb4 e4+ 26. Kg1 Qe5 27. Qxe4
Qxg5 28. Rd4 Nf6 29. Qxe7 Rfe8 30. Qxb7 Rxe3 31. fxe3 Qxe3+ 32. Kh2 Qxd4 33.
Qe7 Kg7 34. Qxd8 Qe5+ 35. Kg1 Qd4+ 36. Kh2 Nh5 37. Qe7 Kh6 38. Qxf7 Ng3 39. Qf6
Qe3 40. Qxh4+ Kg7 41. Qf6+ Kh7 42. Qf7+ Kh6 43. Qf8+ Kg5 44. h4+ 1-0

[Event "Lliga Catalana eq. DH"]
[Site "?"]
[Date "2014.03.15"]
[Round "8.9"]
[White "Garcia Castany Musellas, G."]
[Black "Gil Gil, A."]
[Result "1-0"]
[WhiteElo "2215"]
[BlackElo "2022"]
[PlyCount "73"]
[EventDate "2014.??.??"]
[EventType "team"]
[EventCountry "ESP"]

1. e4 e5 2. Nf3 Nc6 3. Bb5 a6 4. Ba4 Bc5 5. O-O d6 6. c3 b5 7. Bb3 Bg4 8. d3
Qf6 9. a4 Na5 10. Ba2 Bxf3 11. Qxf3 Qxf3 12. gxf3 bxa4 13. Nd2 Ne7 14. Nc4 Nb3
15. Bxb3 axb3 16. Be3 Ng6 17. Ra5 Nf4 18. Bxf4 exf4 19. Rfa1 Kd7 20. d4 Bb6 21.
Rxa6 Rxa6 22. Rxa6 Rb8 23. Ra3 Kc6 24. Rxb3 Ba7 25. Ra3 Bb6 26. Kg2 Kb5 27. b3
Rb7 28. Kh3 Ra7 29. Rxa7 Bxa7 30. Kg4 Bb8 31. Kxf4 d5 32. exd5 c5+ 33. d6 cxd4
34. cxd4 Kb4 35. Ke4 Kxb3 36. d7 Bc7 37. Nd6 1-0

[Event "Lliga Catalana eq. DH"]
[Site "?"]
[Date "2014.03.15"]
[Round "8.9"]
[White "Orteu Capdevila, M."]
[Black "Garcia Jimenez, FJ."]
[Result "0-1"]
[WhiteElo "2035"]
[BlackElo "2362"]
[PlyCount "76"]
[EventDate "2014.??.??"]
[EventType "team"]
[EventCountry "ESP"]

1. e4 d5 2. exd5 Qxd5 3. Nc3 Qd6 4. Nf3 Nf6 5. g3 a6 6. Bg2 Nc6 7. d4 Bg4 8.
Bf4 Qd7 9. h3 Bxf3 10. Qxf3 Qxd4 11. Rd1 Qc4 12. b3 Qc5 13. Na4 Qa5+ 14. Bd2
Qe5+ 15. Be3 e6 16. O-O Be7 17. Rfe1 Qa5 18. g4 O-O 19. g5 Ne8 20. Qg4 Rd8 21.
h4 g6 22. Bxc6 bxc6 23. Qc4 Qf5 24. Rxd8 Bxd8 25. Nc5 Nd6 26. Qe2 Qh3 27. Rd1
Nf5 28. Rd3 Nxh4 29. f4 Qg3+ 30. Kf1 Nf3 31. Qf2 Qh3+ 32. Ke2 Nh4 33. Nxa6 e5
34. fxe5 Qg4+ 35. Kd2 Bxg5 36. Nxc7 Nf3+ 37. Kc1 Nxe5 38. Rd4 Qxd4 0-1

[Event "Lliga Catalana eq. DH"]
[Site "?"]
[Date "2014.03.15"]
[Round "8.9"]
[White "Palomo Teruel, X."]
[Black "Lopez Santana, O."]
[Result "1-0"]
[WhiteElo "2171"]
[BlackElo "2279"]
[PlyCount "85"]
[EventDate "2014.??.??"]
[EventType "team"]
[EventCountry "ESP"]

1. d4 e6 2. c4 Nf6 3. Nc3 c5 4. d5 exd5 5. cxd5 d6 6. e4 g6 7. f4 Bg7 8. Bb5+
Nfd7 9. a4 O-O 10. Nf3 Na6 11. O-O Nc7 12. Re1 Nxb5 13. Nxb5 Nf6 14. h3 a6 15.
Nc3 Re8 16. e5 Nd7 17. exd6 Nf6 18. Ne5 Qxd6 19. Nc4 Qd8 20. Be3 Bf5 21. Bxc5
Qc7 22. b4 Rxe1+ 23. Qxe1 Re8 24. Qf1 Ne4 25. d6 Qc6 26. Na5 Qc8 27. Nd5 Nxc5
28. Rc1 Qe6 29. Ne7+ Rxe7 30. dxe7 Ne4 31. g4 Bd4+ 32. Kh2 Qxe7 33. gxf5 Qh4
34. Qf3 gxf5 35. Rc8+ Kg7 36. Nxb7 Bf2 37. Rc1 Bg3+ 38. Kg2 Bxf4 39. Rg1 Kf6
40. Nc5 Qg5+ 41. Kh1 Ng3+ 42. Rxg3 Bxg3 43. Ne4+ 1-0

[Event "Lliga Catalana eq. DH"]
[Site "?"]
[Date "2014.03.15"]
[Round "8.9"]
[White "Prat Llables, J."]
[Black "Boulan, L."]
[Result "1-0"]
[WhiteElo "2284"]
[BlackElo "2167"]
[PlyCount "109"]
[EventDate "2014.??.??"]
[EventType "team"]
[EventCountry "ESP"]

1. e4 d6 2. d4 e5 3. Nf3 exd4 4. Nxd4 Nf6 5. Nc3 Be7 6. Bf4 O-O 7. Qd2 c6 8. a4
Re8 9. Be2 Bf8 10. f3 Nbd7 11. O-O a5 12. Kh1 Ne5 13. Rad1 Ng6 14. Be3 Qe7 15.
Nb3 Bd7 16. Bb6 Be6 17. Nd4 Bc8 18. Nb3 Nh5 19. f4 Nf6 20. Bf3 Bg4 21. Bxg4
Nxg4 22. Bxa5 d5 23. Bb6 dxe4 24. Be3 Qh4 25. g3 Qh3 26. Nc5 Bxc5 27. Bxc5 e3
28. Qe2 Nf2+ 29. Rxf2 exf2 30. Qxf2 Qf5 31. Bb6 h6 32. Qd2 Qg4 33. Qd3 Ne7 34.
b3 Nf5 35. Kg1 h5 36. Ne4 h4 37. Nf2 Qe2 38. Qxf5 hxg3 39. hxg3 Re6 40. Qd3 Qh5
41. Kg2 f5 42. Rd2 Qe8 43. Qf3 Qe7 44. Nd3 Re4 45. Ne5 Qb4 46. Be3 Qc3 47. Kf2
Re8 48. Qe2 g5 49. Rd3 Qa5 50. Qh5 R4xe5 51. Qg6+ Kh8 52. Qf6+ Kg8 53. fxe5
Rxe5 54. Rd8+ Kh7 55. Rh8# {"Lliga Catalana} 1-0

[Event "Lliga Catalana eq. DH"]
[Site "?"]
[Date "2014.03.15"]
[Round "8.9"]
[White "Raineri de Luca, P."]
[Black "Pinsach Gelabert, A."]
[Result "1-0"]
[WhiteElo "2370"]
[BlackElo "2295"]
[PlyCount "63"]
[EventDate "2014.??.??"]
[EventType "team"]
[EventCountry "ESP"]

1. Nf3 d5 2. c4 e6 3. g3 c5 4. Bg2 Nf6 5. O-O Nc6 6. d4 Be7 7. Nc3 O-O 8. cxd5
exd5 9. dxc5 Bxc5 10. Bg5 d4 11. Bxf6 Qxf6 12. Ne4 Qe7 13. Nxc5 Qxc5 14. Rc1
Qb6 15. Qd2 Bf5 16. Rfd1 Rad8 17. Nh4 Be6 18. b3 Nb4 19. Be4 Rfe8 20. Bb1 Bg4
21. Re1 Nd5 22. Qg5 Bxe2 23. Nf5 Qf6 24. Qd2 Nc3 25. Bd3 Bxd3 26. Qxd3 Ne2+ 27.
Rxe2 Rxe2 28. Qxe2 Qxf5 29. Qe7 Qd5 30. Rc5 Qxc5 31. Qxc5 d3 32. Qc7 1-0

[Event "Lliga Catalana eq. DH"]
[Site "?"]
[Date "2014.03.15"]
[Round "8.9"]
[White "Ramal Mata, R."]
[Black "Ibañez Tarradellas, E."]
[Result "0-1"]
[WhiteElo "2075"]
[BlackElo "2400"]
[PlyCount "72"]
[EventDate "2014.??.??"]
[EventType "team"]
[EventCountry "ESP"]

1. e4 d5 2. exd5 Qxd5 3. Nc3 Qa5 4. Nf3 Nf6 5. d3 Nc6 6. Bd2 Bg4 7. Be2 e6 8.
a3 O-O-O 9. h3 Bxf3 10. Bxf3 Nd4 11. O-O h5 12. Re1 Qf5 13. Be3 g5 14. Bxd4 (
14. Be4) 14... Rxd4 15. Ne2 Rh4 16. Ng3 Qg6 17. Ne4 $2 (17. c3 $142) 17... g4
18. Nxf6 Qxf6 19. Be4 Bc5 20. Rf1 Rg8 21. d4 (21. Kh1) 21... Bxd4 22. c3 Bb6
23. Bh7 gxh3 24. Bxg8 Qg5 25. Qf3 (25. g4) 25... hxg2 26. Qxg2 Rg4 27. Qxg4
Qxg4+ 28. Kh2 Qxg8 29. Rg1 Qd8 30. Rg2 Qd2 31. f3 Qf4+ 32. Kh3 Qxf3+ 33. Rg3
Qf5+ 34. Kg2 h4 35. Rg8+ Kd7 36. Rf1 h3+ 0-1

[Event "Lliga Catalana eq. DH"]
[Site "?"]
[Date "2014.03.15"]
[Round "8.9"]
[White "Roca Diaz, MA."]
[Black "Onna Amargant, J."]
[Result "1-0"]
[WhiteElo "2148"]
[BlackElo "2072"]
[PlyCount "128"]
[EventDate "2014.??.??"]
[EventType "team"]
[EventCountry "ESP"]

1. d4 e6 2. Nf3 d5 3. c4 c6 4. Nc3 dxc4 5. g3 Nf6 6. Bg2 Nbd7 7. O-O Be7 8. Qc2
O-O 9. a4 Nd5 10. Ne4 N7f6 11. Nxf6+ Nxf6 12. Qxc4 Qd5 13. Ne5 Qxc4 14. Nxc4
Rd8 15. e3 Rb8 16. Ne5 Nd7 17. Nxd7 Bxd7 18. Bd2 b6 19. Bc3 c5 20. dxc5 bxc5
21. Rfd1 Be8 22. Bf3 Rxd1+ 23. Bxd1 Bf6 24. Bxf6 gxf6 25. b3 Rc8 26. Rc1 Kf8
27. Rc4 Bd7 28. Rh4 Kg7 29. Bc2 h6 30. Rc4 e5 31. Kf1 Be6 32. Rc3 f5 33. Ke2
Kf6 34. h4 e4 35. Kd2 Ke5 36. Bd1 Kd6 37. Rc1 Rd8 38. Kc3 Kc6 39. Be2 Rb8 40.
Bb5+ Kc7 41. Rd1 Rb6 42. Rb1 Rd6 43. Be2 Rb6 44. Rb2 a5 45. Bf1 Rd6 46. Be2 Rb6
47. f3 Rb8 48. fxe4 fxe4 49. Bc4 Rd8 50. Bxe6 fxe6 51. Kc4 Rd3 52. g4 Rxe3 53.
Rg2 Kd6 54. g5 Ke7 55. g6 Kf8 56. g7+ Kg8 57. Rg4 e5 58. Rg5 Rd3 59. Rxe5 Rd4+
60. Kc3 Rd3+ 61. Kc2 Kxg7 62. Rxc5 Kf6 63. Rxa5 Rd4 64. Rh5 Ke6 1-0

[Event "Lliga Catalana eq. DH"]
[Site "?"]
[Date "2014.03.15"]
[Round "8.10"]
[White "Arias Boo, G."]
[Black "Dougas Chavarria, N."]
[Result "1-0"]
[WhiteElo "2392"]
[BlackElo "2018"]
[PlyCount "105"]
[EventDate "2014.??.??"]
[EventType "team"]
[EventCountry "ESP"]

1. d4 Nf6 2. c4 e6 3. Nf3 d5 4. g3 Be7 5. Bg2 c6 6. O-O O-O 7. Qc2 Nbd7 8. Rd1
a6 9. Nbd2 b5 10. b3 Bb7 11. e4 dxe4 12. Nxe4 Nxe4 13. Qxe4 Nf6 14. Qe2 Qb6 15.
c5 Qd8 16. Bg5 a5 (16... Nd5 $142) 17. Ne5 Qc7 18. Bf4 Qc8 19. a4 b4 20. Bg5
Qc7 21. Qd2 Nd5 22. Bxe7 Nxe7 23. Qf4 Rae8 (23... Nd5) 24. Nxc6 Qxf4 25. Nxe7+
Rxe7 26. gxf4 Bd5 27. Bxd5 exd5 28. Re1 Rfe8 29. Rxe7 Rxe7 30. Rc1 Kf8 31. c6
Rc7 32. Rc5 Ke7 33. Rxa5 Rxc6 34. Rb5 Rg6+ 35. Kf1 Rh6 36. Rb7+ Ke8 37. Kg2
Rg6+ 38. Kf3 Rh6 39. Rxb4 Rxh2 40. a5 Rh6 41. Ra4 Rh3+ 42. Kg4 Rxb3 43. a6 Rb8
44. Ra5 Ra8 45. Kf5 h5 $2 (45... Kd7 $142) 46. Kg5 g6 47. f5 gxf5 48. Kxh5 Ke7
49. Kg5 Ke6 50. a7 f6+ 51. Kf4 Kf7 52. Kxf5 Ke7 53. Ra6 1-0

[Event "Lliga Catalana eq. DH"]
[Site "?"]
[Date "2014.03.15"]
[Round "8.10"]
[White "Colls Gelaberto, E."]
[Black "Fernandez Madrid, C."]
[Result "1-0"]
[WhiteElo "2270"]
[BlackElo "2281"]
[PlyCount "73"]
[EventDate "2014.??.??"]
[EventType "team"]
[EventCountry "ESP"]

1. d4 Nf6 2. Nf3 g6 3. c4 d5 4. cxd5 Nxd5 5. e4 Nb6 6. Be2 Bg7 7. Nc3 O-O 8. h3
a5 9. Bg5 a4 10. Qd2 a3 11. b3 Nc6 12. Nb5 f6 13. Be3 e6 14. Rc1 Rf7 15. O-O
Bf8 16. Rfd1 Nb4 17. d5 exd5 18. Nxc7 Nc4 19. Rxc4 Rxc7 20. Bb6 Rxc4 21. Bxd8
Rc2 22. Qe1 Nxa2 23. Bxf6 Bb4 24. Qf1 Nc3 25. Bxc3 Rxc3 26. exd5 a2 27. Bc4 Bf5
28. Nd4 Bb1 29. Rxb1 axb1=Q 30. Qxb1 Bd6 31. Nb5 Rxc4 32. bxc4 Be5 33. c5 Kf8
34. g3 Ra1 35. Qxa1 Bxa1 36. Nd6 b6 37. c6 1-0

[Event "Lliga Catalana eq. DH"]
[Site "?"]
[Date "2014.03.15"]
[Round "8.10"]
[White "De la Fuente Clemente, C."]
[Black "Pozanco Romasanta, M."]
[Result "0-1"]
[WhiteElo "1975"]
[BlackElo "2192"]
[PlyCount "136"]
[EventDate "2014.??.??"]
[EventType "team"]
[EventCountry "ESP"]

1. e4 c6 2. d4 d5 3. e5 Bf5 4. Nf3 e6 5. g3 c5 6. Nc3 Nc6 7. Be3 Bg4 8. Bb5
Nge7 9. h3 cxd4 10. Bxd4 Bxf3 11. Qxf3 Nf5 12. Rd1 a6 13. Bxc6+ bxc6 14. O-O
Be7 15. g4 Nh4 16. Qe3 Qc7 17. Na4 Rc8 18. Bb6 Qxe5 19. Qxe5 Nf3+ 20. Kg2 Nxe5
21. Bd4 Nc4 22. Bxg7 Rg8 23. Bh6 Rg6 24. Bc1 h5 25. f3 f5 26. b3 Nd6 27. Kh2
hxg4 28. Rg1 Kf7 29. fxg4 Ne4 30. Bf4 fxg4 31. Rxg4 Rxg4 32. hxg4 Rh8+ 33. Kg2
Rh4 34. Kf3 Bf6 35. Rg1 e5 36. Be3 Rh3+ 37. Ke2 d4 38. Bc1 Rh2+ 39. Kf3 Nd6 40.
g5 e4+ 41. Kf4 Rh4+ 42. Kg3 Nf5+ 43. Kf2 Rh2+ 44. Ke1 Nh4 45. Rf1 Nf3+ 46. Rxf3
exf3 47. gxf6 Rxc2 48. Bb2 f2+ 49. Kf1 d3 50. Bc3 d2 51. Bxd2 Rxd2 52. Nc3 Rc2
53. Ne4 Rxa2 54. Nxf2 Rb2 55. Nd3 Rxb3 56. Ne5+ Kxf6 57. Nxc6 Rb6 58. Na5 Rb5
59. Nc4 a5 60. Ke2 a4 61. Kd3 a3 62. Ne3 a2 63. Nc2 Rb1 64. Kc3 a1=Q+ 65. Nxa1
Rxa1 66. Kd4 Ra5 67. Ke4 Rh5 68. Kd4 Ke6 0-1

[Event "Lliga Catalana eq. DH"]
[Site "?"]
[Date "2014.03.15"]
[Round "8.10"]
[White "Masip Tresserra, O."]
[Black "Benet Morant, D."]
[Result "0-1"]
[WhiteElo "2223"]
[BlackElo "2168"]
[PlyCount "102"]
[EventDate "2014.??.??"]
[EventType "team"]
[EventCountry "ESP"]

1. Nf3 g6 2. e4 d6 3. d4 Nf6 4. Nc3 Bg7 5. g3 O-O 6. Bg2 c5 7. dxc5 Qa5 8. O-O
Qxc5 9. Nd5 Nxd5 10. exd5 Bf5 11. c3 Na6 12. Re1 Rfe8 13. Be3 Qa5 14. Nd4 Bd7
15. Bg5 h6 16. Be3 Qd8 17. Qd2 Kh7 18. h4 Nc7 19. h5 Qc8 20. hxg6+ fxg6 21. Be4
Rf8 22. Qd3 Qe8 23. Kg2 Qf7 24. c4 e5 25. Nf3 Bf5 26. Nh4 Na6 27. Rh1 Nc5 28.
Bxc5 dxc5 29. Raf1 a5 30. g4 Bxe4+ 31. Qxe4 Ra6 32. Nf3 Qf4 33. Re1 Kg8 34. b3
Raf6 35. Rh3 Qxe4 36. Rxe4 Rf4 37. Rxf4 Rxf4 38. Rg3 e4 39. Nh4 Bd4 40. f3 Kg7
41. fxe4 Rf2+ 42. Kh3 Be5 43. Rg2 Rf1 44. Nf5+ gxf5 45. gxf5+ Kf7 46. Re2 Rg1
47. Kh4 Kf6 48. Kh3 h5 49. Re3 Rg4 50. Re2 Kg5 51. d6 Rg3+ 0-1

[Event "Lliga Catalana eq. DH"]
[Site "?"]
[Date "2014.03.15"]
[Round "8.10"]
[White "Obon Temprano, S."]
[Black "Silva, AD."]
[Result "1-0"]
[WhiteElo "2365"]
[BlackElo "1700"]
[PlyCount "33"]
[EventDate "2014.??.??"]
[EventType "team"]
[EventCountry "ESP"]

1. e4 c5 2. Nf3 d6 3. d4 cxd4 4. Qxd4 Nc6 5. Bb5 Bd7 6. Bxc6 Bxc6 7. Nc3 e5 8.
Qd3 Nf6 9. Bg5 Be7 10. O-O-O a6 11. Bxf6 gxf6 12. Nh4 Qc7 13. Qh3 Rd8 14. Nf5
b5 15. Ng7+ Kf8 16. Qh6 Kg8 17. Nh5 1-0

[Event "Lliga Catalana eq. DH"]
[Site "?"]
[Date "2014.03.15"]
[Round "8.10"]
[White "Rechi Perez, F."]
[Black "Almirall Botella, J."]
[Result "1-0"]
[WhiteElo "2024"]
[BlackElo "2147"]
[PlyCount "83"]
[EventDate "2014.??.??"]
[EventType "team"]
[EventCountry "ESP"]

1. e4 c6 2. d4 d5 3. exd5 cxd5 4. Nf3 e6 5. Bd3 Qc7 6. O-O Nc6 7. c3 Nf6 8. Re1
Be7 9. Bg5 Bd7 10. Nbd2 a6 11. Rc1 b5 12. a3 O-O 13. Ne5 Rac8 14. Ndf3 Na5 15.
Nxd7 Qxd7 16. Ne5 Qb7 17. b4 Nc6 18. Nxc6 Rxc6 19. Re3 g6 20. Bxf6 Bxf6 21. a4
Bg5 22. axb5 axb5 23. Rh3 Bxc1 24. Qxc1 f5 25. Qe3 Ra8 26. g4 Rb6 27. gxf5 exf5
28. Rg3 Qd7 29. Qg5 Rf8 30. h4 Kh8 31. Re3 Re8 32. Rg3 Re1+ 33. Kg2 Qe7 34. Qf4
Rbe6 35. h5 Qf7 36. Bxb5 R6e4 37. hxg6 hxg6 38. Qh6+ Kg8 39. Rxg6+ Qxg6+ 40.
Qxg6+ Kh8 41. Qxf5 Re7 42. Qf8+ 1-0

[Event "Lliga Catalana eq. DH"]
[Site "?"]
[Date "2014.03.15"]
[Round "8.10"]
[White "Subirachs Mancebo, G."]
[Black "Clopes Llahi, J."]
[Result "0-1"]
[WhiteElo "2213"]
[BlackElo "2227"]
[PlyCount "78"]
[EventDate "2014.??.??"]
[EventType "team"]
[EventCountry "ESP"]

1. e4 g6 2. d4 c6 3. Nc3 d5 4. h3 Bg7 5. Nf3 Nh6 6. g4 f6 7. Bf4 Nf7 8. exd5
cxd5 9. Bxb8 Rxb8 10. Bb5+ Bd7 11. Qe2 a6 12. Bd3 Bc8 13. O-O-O O-O 14. g5 fxg5
15. Ne5 Qd6 16. Rde1 b5 17. h4 Nxe5 18. dxe5 Qc5 19. f3 g4 20. fxg4 Rf2 21. Qe3
Qxe3+ 22. Rxe3 d4 23. Re2 Rxe2 24. Nxe2 Bxe5 25. Rg1 Bb7 26. Ng3 Bf4+ 27. Kd1
Bxg3 28. Rxg3 e5 29. Bf1 e4 30. g5 Rf8 31. Be2 Rf4 32. h5 gxh5 33. Bxh5 Rh4 34.
Be2 Kg7 35. a4 b4 36. Rb3 e3 37. c3 Be4 38. Ke1 Rh1+ 39. Bf1 Bd3 0-1

[Event "Lliga Catalana eq. DH"]
[Site "?"]
[Date "2014.03.22"]
[Round "9.1"]
[White "Baches Garcia, G."]
[Black "Benet Catala, A."]
[Result "1-0"]
[WhiteElo "2424"]
[BlackElo "2329"]
[PlyCount "61"]
[EventDate "2014.??.??"]
[EventType "team"]
[EventCountry "ESP"]

1. e4 c6 2. d4 d5 3. e5 Bf5 4. Be3 e6 5. Nd2 Nd7 6. Ngf3 Ne7 7. Be2 Nc8 8. O-O
Be7 9. Nb3 O-O 10. h3 a6 11. Re1 Na7 12. a4 Rc8 13. Nc5 Rc7 14. b4 Nb6 15. Nd2
Re8 16. f4 Bf8 17. Rf1 h6 18. Kh1 Nac8 19. Bf2 Bh7 20. Ra3 Ne7 21. Bh4 Qc8 22.
g4 Nc4 23. Nxc4 dxc4 24. Bxc4 b6 25. Nxa6 Ra7 26. Qd2 Nd5 27. Rb3 Qa8 28. Kh2
Rc8 29. f5 b5 30. Bxd5 bxa4 31. Ra3 1-0

[Event "Lliga Catalana eq. DH"]
[Site "?"]
[Date "2014.03.22"]
[Round "9.1"]
[White "Cordova Daza, E."]
[Black "Lopez Martinez, JM."]
[Result "1-0"]
[WhiteElo "2568"]
[BlackElo "2576"]
[PlyCount "191"]
[EventDate "2014.??.??"]
[EventType "team"]
[EventCountry "ESP"]

1. Nf3 e6 2. c4 Nf6 3. g3 d5 4. Bg2 Be7 5. O-O O-O 6. b3 b6 7. Bb2 Bb7 8. e3 c5
9. Nc3 dxc4 10. bxc4 Nc6 11. Qe2 Rc8 12. Rad1 Qc7 13. Nh4 Ne8 14. f4 Bxh4 15.
gxh4 Ne7 16. h5 Bxg2 17. Qxg2 Qc6 18. e4 f5 19. d3 Rf7 20. Rf3 Nf6 21. h6 Ng6
22. Rg3 Ng4 23. hxg7 Nxf4 24. Qd2 Nh5 25. Rg2 Ngf6 26. Qh6 Qd6 27. exf5 Qf4 28.
Qxf4 Nxf4 29. fxe6 Nxe6 30. Rf1 Rd8 31. Nb5 Nd4 32. Nxd4 cxd4 33. Rf4 Nh5 34.
Rxd4 Rxd4 35. Bxd4 Nf4 36. Rd2 Rd7 37. Bc3 Rxd3 38. Rxd3 Nxd3 39. Kg2 Nc5 40.
Kf3 Kf7 41. Kf4 Ne6+ 42. Ke5 Nxg7 43. Bb4 Ne8 44. Kd5 Nf6+ 45. Kc6 Ke6 46. Bd6
Nd7 47. Bg3 Ne5+ 48. Kb5 a6+ 49. Kxb6 Nxc4+ 50. Kxa6 Kd7 51. Kb5 Na3+ 52. Kc5
Kc8 53. Bf2 Nb1 54. Be1 Na3 55. Bd2 Kb7 56. Kb4 Nc2+ 57. Kc4 Na3+ 58. Kb4 Nc2+
59. Kc5 Na3 60. Kd5 Nb5 61. Ke5 Kc6 62. a4 Nd6 63. Bb4 Nc4+ 64. Kd4 Nb6 65. a5
Nd5 66. Bd2 Nf6 67. h3 h5 68. Ke3 Ng4+ 69. Kf3 Kb5 70. Be1 Ne5+ 71. Ke4 Ng4 72.
Kf4 Nh2 73. Bc3 Ng4 74. Kg3 Ka6 75. Be1 Ne5 76. Bc3 Ng6 77. Kf3 Kb5 78. Ke4 Nh4
79. Be1 Ng6 80. Kf5 Nf8 81. Bd2 Nd7 82. Kg5 Ne5 83. Kxh5 Nf3 84. Be3 Kxa5 85.
Kg4 Ne5+ 86. Kf5 Nf3 87. Ke4 Nh4 88. Bf2 Ng6 89. Kf5 Ne7+ 90. Kf6 Nd5+ 91. Kf7
Nf4 92. h4 Kb5 93. Bg3 Ne2 94. h5 Nxg3 95. h6 Ne4 96. Kg6 1-0

[Event "Lliga Catalana eq. DH"]
[Site "?"]
[Date "2014.03.22"]
[Round "9.1"]
[White "Cuartas Medina, JA."]
[Black "Lacasa Diaz, JA."]
[Result "1/2-1/2"]
[WhiteElo "2537"]
[BlackElo "2457"]
[PlyCount "150"]
[EventDate "2014.??.??"]
[EventType "team"]
[EventCountry "ESP"]

1. e4 c5 2. d4 cxd4 3. c3 d5 4. exd5 Qxd5 5. cxd4 e6 6. Nc3 Qd6 7. Nf3 Nf6 8.
Bd3 Nc6 9. O-O Be7 10. Bg5 O-O 11. Rc1 Rd8 12. Nb5 Qd7 13. Ne5 Nxe5 14. Rc7 Qd5
15. dxe5 Qxd3 16. Qxd3 Rxd3 17. Rxe7 Bd7 18. Nd6 Bc6 19. Bxf6 gxf6 20. Nxf7
fxe5 21. Nxe5 Rd2 22. Nxc6 bxc6 23. Rxe6 Rxb2 24. Rxc6 Rxa2 25. Rfc1 a5 26.
Rc8+ Rxc8 27. Rxc8+ Kg7 28. g4 Ra4 29. h3 h5 30. gxh5 Rh4 31. Rc5 Rxh3 32. Rxa5
Kh6 33. Kg2 Rb3 34. f3 Rb1 35. Kg3 Rb4 36. f4 Rb1 37. Kg4 Rg1+ 38. Kf5 Kxh5 39.
Ra8 Kh6 40. Ra7 Rf1 41. Rf7 Rf2 42. Ke6 Re2+ 43. Kf6 Re4 44. f5 Ra4 45. Re7
Ra6+ 46. Re6 Ra7 47. Re5 Ra6+ 48. Kf7 Ra7+ 49. Re7 Ra5 50. f6 Ra8 51. Re6 Rb8
52. Rd6 Kh7 53. Rd1 Rb7+ 54. Ke6 Rb6+ 55. Ke7 Rb7+ 56. Rd7 Rb8 57. Rd8 Rb7+ 58.
Ke6 Rb6+ 59. Rd6 Rb8 60. Kf5 Rb5+ 61. Ke6 Rb8 62. Rd3 Kg8 63. Kf5 Rb1 64. Kg6
Rg1+ 65. Kf5 Kf7 66. Rd7+ Kf8 67. Rd4 Rf1+ 68. Rf4 Rxf4+ 69. Kxf4 Kf7 70. Kf5
Kf8 71. Ke6 Ke8 72. Kf5 Kf7 73. Kg5 Kf8 74. Kg6 Kg8 75. f7+ Kf8 1/2-1/2

[Event "Lliga Catalana eq. DH"]
[Site "?"]
[Date "2014.03.22"]
[Round "9.1"]
[White "Jerez Perez, A."]
[Black "Cruz Sanchez, JE."]
[Result "1/2-1/2"]
[WhiteElo "2370"]
[BlackElo "2471"]
[PlyCount "134"]
[EventDate "2014.??.??"]
[EventType "team"]
[EventCountry "ESP"]

1. e4 c5 2. Nf3 d6 3. Bb5+ Nd7 4. O-O Ngf6 5. Nc3 g6 6. d4 cxd4 7. Qxd4 Bg7 8.
e5 dxe5 9. Qxe5 O-O 10. Qe2 a6 11. Bxd7 Bxd7 12. Bf4 b5 13. Rad1 b4 14. Nd5
Nxd5 15. Rxd5 Qe8 16. Qd2 Bc6 17. Rc5 Bxf3 18. gxf3 Qa4 19. b3 Qa3 20. Be5 Bxe5
21. Rxe5 Rad8 22. Qc1 Qxa2 23. Rxe7 Rc8 24. Re2 Qa5 25. Qf4 Rc5 26. Rfe1 Rf5
27. Re5 Rxf4 28. Rxa5 Rc8 29. Re2 Rc6 30. Kg2 h6 31. Ra2 Rf5 32. Re8+ Kg7 33.
Ra8 Rc3 34. R8xa6 Rcxf3 35. c4 Rxb3 36. Rb6 Rg5+ 37. Kf1 Rb1+ 38. Ke2 Rc5 39.
Rc2 b3 40. Rc3 Re5+ 41. Kf3 Rf5+ 42. Kg2 Rb2 43. Rf3 Rg5+ 44. Rg3 Rf5 45. Rf3
Rxf3 46. Kxf3 Rb1 47. c5 Kf8 48. Rb7 Rc1 49. Rxb3 Rxc5 50. h4 Kg7 51. Kg3 Kf6
52. f3 Rc4 53. Rb5 Kg7 54. Rb2 g5 55. hxg5 hxg5 56. Rb6 f6 57. Rb5 Kg6 58. Ra5
f5 59. Ra8 Rc3 60. Kg2 Rc2+ 61. Kf1 Kf6 62. Re8 Rc6 63. Kf2 Re6 64. Rd8 Rb6 65.
Rc8 Rb2+ 66. Kf1 f4 67. Kg1 Kf5 1/2-1/2

[Event "Lliga Catalana eq. DH"]
[Site "?"]
[Date "2014.03.22"]
[Round "9.1"]
[White "Narciso Dublan, M."]
[Black "Peralta, F."]
[Result "1/2-1/2"]
[WhiteElo "2544"]
[BlackElo "2591"]
[PlyCount "108"]
[EventDate "2014.??.??"]
[EventType "team"]
[EventCountry "ESP"]

1. e4 c6 2. d4 d5 3. Nd2 dxe4 4. Nxe4 Bf5 5. Nc5 Qb6 6. Nf3 e6 7. Ne5 Nf6 8.
Nc4 Qc7 9. Bd3 b5 10. Ne3 Bxd3 11. Nxd3 Nbd7 12. Qe2 Bd6 13. Nf5 O-O 14. Nxd6
Qxd6 15. c3 c5 16. dxc5 Nxc5 17. Nxc5 Qxc5 18. Be3 Qc6 19. O-O Nd5 20. Rfd1 a5
21. Rd4 a4 22. a3 Rfd8 23. Rad1 Rd7 24. Bc1 Rad8 25. h3 Nb6 26. Rxd7 Rxd7 27.
Rxd7 Qxd7 28. Kf1 Nc4 29. Ke1 f6 30. Qd1 Qc6 31. f3 Kf7 32. Qd3 h6 33. h4 h5
34. Qd4 Qc7 35. Kd1 Qd6 36. Kc2 Qxd4 37. cxd4 Nb6 38. b3 axb3+ 39. Kxb3 Nd5 40.
a4 bxa4+ 41. Kxa4 Kg6 42. Kb5 Kf5 43. Kc6 g5 44. hxg5 fxg5 45. Kd6 h4 46. Bd2
Nb6 47. Ke7 Nc4 48. Bc1 Na5 49. Kd6 Nb3 50. Be3 g4 51. fxg4+ Kxg4 52. Kxe6
Nxd4+ 53. Bxd4 h3 54. gxh3+ Kxh3 1/2-1/2

[Event "Lliga Catalana eq. DH"]
[Site "?"]
[Date "2014.03.22"]
[Round "9.1"]
[White "Vidarte Morales, A."]
[Black "Movsziszian, K."]
[Result "1/2-1/2"]
[WhiteElo "2408"]
[BlackElo "2544"]
[PlyCount "99"]
[EventDate "2014.??.??"]
[EventType "team"]
[EventCountry "ESP"]

1. d4 d6 2. c4 e5 3. Nc3 Nd7 4. e4 Ngf6 5. Nge2 g6 6. f3 c6 7. Be3 a6 8. d5
cxd5 9. cxd5 h5 10. Qd2 Be7 11. h4 b5 12. b4 Nb6 13. Nc1 Nc4 14. Bxc4 bxc4 15.
a4 Nh7 16. g3 f5 17. N1a2 O-O 18. Qe2 f4 19. gxf4 Bxh4+ 20. Kd2 exf4 21. Bd4
Bf6 22. Qxc4 Ng5 23. Raf1 Bh3 24. Rf2 Rc8 25. Qd3 Kh7 26. Kc2 Bxd4 27. Qxd4 Bd7
28. e5 dxe5 29. Qxe5 Rf5 30. Qd4 Bxa4+ 31. Kb2 Bb5 32. Re1 Rc4 33. Qd2 Qd6 34.
Kb3 Kh6 35. Qd1 Qb6 36. Rd2 a5 37. d6 Rc8 38. d7 Bc4+ 39. Kb2 Rd8 40. Rd6 Qb8
41. Re7 axb4 42. Ne4 Bxa2 43. Qd4 Bf7 44. Nxg5 Qa8 45. Nxf7+ Rxf7 46. Ree6 Qa3+
47. Kb1 Qb3+ 48. Kc1 Qa3+ 49. Kb1 Qb3+ 50. Kc1 1/2-1/2